Stochastic geometry and its applications
Αποθηκεύτηκε σε:
| Κύριος συγγραφέας: | |
|---|---|
| Άλλοι συγγραφείς: | , |
| Μορφή: | Βιβλίο |
| Γλώσσα: | English |
| Δημοσίευση: |
Chichester ; New York :
John Wiley,
c1995
|
| Έκδοση: | 2nd ed. |
| Σειρά: | Wiley series in probability and statistics. Applied probability and statistics
|
| Θέματα: | |
| Ετικέτες: |
Προσθήκη ετικέτας
Δεν υπάρχουν, Καταχωρήστε ετικέτα πρώτοι!
|
MARC
| LEADER | 00000nam a2200000 i 4500 | ||
|---|---|---|---|
| 001 | 1/80603 | ||
| 008 | 990511s1995 eng d | ||
| 020 | |a 0-471-95099-8 | ||
| 035 | |l 10050676 | ||
| 040 | |a GR-MY-UA |b gre |e aacr | ||
| 041 | 0 | |a eng | |
| 082 | 0 | |a 519.2 | |
| 100 | 1 | |a Stoyan, Dietrich. | |
| 245 | 1 | 0 | |a Stochastic geometry and its applications / |c Dietrich Stoyan, Wilfrid S. Kendall and Joseph Mecke |
| 250 | |a 2nd ed. | ||
| 260 | |a Chichester ; New York : |b John Wiley, |c c1995 | ||
| 300 | |a xix, 436 p.; |b ill.; |c 25 cm. | ||
| 490 | 1 | |a Wiley series in probability and statistics. Applied probability and statistics | |
| 500 | |a Includes bibliographical references | ||
| 650 | 0 | 0 | |a Stochastic geometry. |
| 700 | 1 | |a Kendall, W. S. | |
| 700 | 1 | |a Mecke, Joseph. | |
| 830 | 0 | |a Wiley series in probability and statistics. Applied probability and statistics | |
| 852 | |a INST |b SAMOS |e 19990511 |h 519.2 STO |p 005300013124 |q 005300013124 |t BK |y 0 | ||
| 901 | |a BIBL3-1999-2 | ||
| 909 | |a Σ |b 064015 | ||
| 922 | |a 3ΕΛΗ |b 199901 |c ΚΠΣ |d GLORY | ||